000 00980nam a22002055i 4500
001 162206
003 ES-MaACL
005 20250820032303.0
008 041103s1881 sp |||| | spa d
040 _aCAM
_bspa
_cCAM
100 1 _aPisa Pajares, Francisco de la.
_9131184
245 1 0 _aDerecho romano
_b: acerca de la validez y subsistencia del testamento otorgado por los ascendientes y descendientes: reformas sancionadas por la novela 115; ¿Debe admitirse en buenos principios de derecho la absoluta libertad de testar? /
_cpor F. de la Pisa Pajares.
260 _aMadrid :
_b[s.n.],
_c1881 (
_fImprenta de F. Góngora)
300 _a71 p. ;
_c22 cm.
500 _aLos dos trabajos han sido publicados en la Revista de los Tribunales.
650 7 _aTestamentos
_2embne
_917521
650 7 _aDerecho romano
_2embne
_911764
852 _aES-MaACL
_jT-376-F-11
_z-- Enc. hol.
_q-- Falto de la cub. original
_z-- Enc. en un vol. facticio
999 _c162206
_d162206